La grève générale / (Record no. 180040)

MARC details
000 -LEADER
campo de control de longitud fija 00646nam a2200193 i 4500
001 - NÚMERO DE CONTROL
campo de control 180040
003 - IDENTIFICADOR DE NÚMERO DE CONTROL
campo de control ES-MaACL
005 - FECHA Y HORA DE LA ÚLTIMA TRANSACCIÓN
campo de control 20230906220956.0
008 - DATOS DE LONGITUD FIJA--INFORMACIÓN GENERAL
campo de control de longitud fija 120403s1905 fr |||| | fre d
100 1# - ENTRADA PRINCIPAL--NOMBRE DE PERSONA
Nombre de persona Buisson, Étienne.
9 (RLIN) 149692
245 13 - MENCIÓN DEL TÍTULO
Título La grève générale /
Mención de responsabilidad, etc. par Étienne Buisson.
260 ## - PUBLICACIÓN, DISTRIBUCIÓN, ETC.
Lugar de publicación, distribución, etc. Paris :
Nombre del editor, distribuidor, etc. Société Nouvelle de Librairie et d'Édition,
Fecha de publicación, distribución, etc. 1905.
300 ## - DESCRIPCIÓN FÍSICA
Extensión 93 p. ;
Dimensiones 16 cm.
490 1# - MENCIÓN DE SERIE
Mención de serie Bibliothèque socialiste ;
Designación de volumen o secuencia 33
650 #4 - PUNTO DE ACCESO ADICIONAL DE MATERIA--TÉRMINO DE MATERIA
Término de materia o nombre geográfico como elemento de entrada Huelgas generales.
9 (RLIN) 149693
830 0# - PUNTO DE ACCESO ADICIONAL DE SERIE-TÍTULO UNIFORME
Título uniforme Bibliothèque socialiste ;
Designación de volumen o secuencia 33
9 (RLIN) 185029
852 ## - LOCALIZACIÓN
Ubicación ES-MaACL
Número de control de estantería D-2175(4)
Nota libre .- Encuadernado en un vol. facticio
Holdings
Estatus retirado Estado de pérdida Estado de daño No para préstamo Biblioteca de origen Biblioteca actual Ubicación en estantería Fecha de adquisición Fuente de adquisición Total de préstamos Signatura topográfica completa Código de barras Visto por última vez Precio de reemplazo Tipo de ítem Koha
        Biblioteca del Ateneo de Madrid Biblioteca del Ateneo de Madrid Sala Valle Inclán 03/04/2012     D-2175(4) 901189166 23/02/2023 23/02/2023 Libro impreso